Statistics for "Jeopardy!" "Stupid Answers" Category Clues #1

Click here to take the quiz!

General Stats

  • This quiz has been taken 1,816 times
  • The average score is 10 of 25

Answer Stats

HintAnswer% Correct
It is the title of Stephen King's novel about the creepy clown PennywiseIt
87%
What the British call a jumper we call this type of sweater that you pull over your headPullover
71%
(Jimmy of the Clue Crew presents from Lego Systems Inc.) Here's Lightning McQueen the hotshot rookie racecar and protagonist of this 2006 Disney animated blockbusterCars
69%
The Declaration of Independence & the Constitution were both signed in this Philadelphia hallIndependence Hall
67%
DJ Tanner-Fuller's household includes her 3 sons her best friend Kimmy & her sister Stephanie on this Netflix seriesFuller House
63%
This Beyonce visual album's title comes from Jay Z' grandma shown saying I was served lemons but I made lemonadeLemonade
62%
This photo-sharing app gets its name from combining parts of the words instant & telegramInstagram
62%
(Jimmy of the Clue Crew gives the clue from George Rang Historical Park in Richmond Texas.) Noted for its long horns that can span 7 feet or more this is the official state large mammal of TexasLonghorn
48%
Part of this group's mission is to promote solutions that are essential to a green and peaceful futureGreenpeace
46%
This university's admissions office is in Crouse-Hinds Hall in Syracuse New YorkSyracuse University
44%
In 1452 Leonardo da Vinci was born near a small Tuscan hill town called thisVinci
43%
This waterfall is on the Iguacu River at the border of Argentina & BrazilIguazu Falls
41%
This centrally located African country is again a republic since elections were held in 2015Central African Republic
39%
Joseph Medicine Crow, the last war chief of this Montana tribe, died in 2016 at age 102Crow
39%
The major powers of Europe were involved in this war that lasted the 7 years between 1756 & 1763Seven Years' War
39%
La Vie Boheme is a song from Rent which was based on this Puccini operaLa Boheme
30%
The thoroughbred racehorse Man O' War lost only one race: a 1919 upset to a horse named thisUpset
30%
Tropic of Cancer a book by him chronicles an American expat named Henry Miller & his friends van Norden & CarlHenry Miller
27%
The girls on this cable series include Hannah Horvath Marnie Michaels & Shoshanna ShapiroGirls
25%
In King Of The Road Roger Miller sang I'm a man of these by no meansMeans
24%
Launched in 1990 this weekly magazine from Time Inc. covers all aspects of the entertainment industryEntertainment Weekly
23%
Entertainer Marvin Hamlisch won a 1974 Grammy for this instrumental hit from the movie The Sting"The Entertainer"
19%
Launched in 2000 this lifestyle magazine from Time Inc. helps keep life real simpleReal Simple
17%
(Hi I'm Louis C.K.) I won a 2014 Emmy for writing the So Did the Fat Lady episode of this FX series of mineLouie
14%
Nickname of Prokofiev's Symphony No. 1 in D Major Op. 25 meant to evoke an earlier era of classical music"Classical" Symphony
10%

Score Distribution

Percentile by Number Answered

Percent of People with Each Score

Your Score History

You have not taken this quiz